000 00913nam a2200253Ia 4500
003 OSt
005 20200819185916.0
008 191128s2013 ck gr 000 0 spa d
020 _a9789585758254
040 _aCO-JMCR
_cCO-JMCR
041 0 _aspa
082 0 4 _a346.0742 /
_bH617n
_223
100 1 _aHocsman, Heriberto Simón,
_eautor
_98986
245 1 0 _aNegocios en internet /
_cHeriberto Simón Hocsman ; colaborador Fernando A. Tupa.
250 _a1a. edición
260 _aBogotá :
_bUniversidad del Rosario,
_c2013
300 _a538 páginas ;
_c23 cm.
504 _aBibliografía: páginas 533-538
505 0 _aComercio Electrónico -- Correo Electrónico -- Seguridad y responsabilidad en internet
650 1 4 _aInternet
_xlegislación
_zArgentina
_98987
650 1 4 _aComercio electrónico
_xlegislación
_zArgentina
_98988
700 1 _aTupa, Fernando A.,
_ecolaborador
_98989
942 _2ddc
_cBK
999 _c5777
_d5777